| 000 | 01178nam a2200277 a 4500 | ||
|---|---|---|---|
| 003 | OSt | ||
| 005 | 20240226113641.0 | ||
| 007 | cr ||||||a|c|a | ||
| 008 | 240215s2022 mx a|||fom||| 001 0 spa d | ||
| 040 | _erda | ||
| 100 | 1 |
_9188739 _aVelasco Estrada, Dennise Brizeida |
|
| 245 | 1 | 0 |
_aAnálisis de crecimiento avena (Avena sativa L.) variedad Chihuahua / _cpor Dennise Brizeida Velasco Estrada; director de teis Claudia Yanet Wilson García. |
| 264 | 1 |
_aChapingo, México : _bEl autor, _c2022. |
|
| 300 |
_a1 recurso en línea (46 páginas): _bcuadros, figuras. |
||
| 336 |
_2rdacontent _atexto _btxt |
||
| 337 |
_2rdamedia _acomputadora _bc |
||
| 338 |
_2rdacarrier _arecurso en línea _bcr |
||
| 502 |
_bIAEZ _cZootecnía _d2022. _gLIC |
||
| 504 | _aIncluye referencias bibliográficas: páginas 33-36. | ||
| 650 | 4 |
_98556 _aAvena como forraje |
|
| 650 | 4 |
_9188724 _aAvena _xCrecimiento |
|
| 650 | 4 |
_928288 _aCortes de aprovechamiento |
|
| 700 | 1 |
_9122169 _aWilson García, Claudia Yanet _eDirector de tesis. |
|
| 856 |
_uhttp://10.13.5.2/tesis/tl/0911314-2__Velasco_Estrada_Dennise_Brizeida.pdf _zDESCARGAR PDF |
||
| 942 |
_2Clasificación Universidad Autónoma Chapingo _cTD |
||
| 999 |
_c219697 _d219697 |
||